| 000 | 00417nam a2200145Ia 4500 | ||
|---|---|---|---|
| 008 | 151213s9999 xx 000 0 und d | ||
| 100 | _aRosabeth Moss Kanter | ||
| 245 |
_aWorld Class :Thieving Locally in the Global Economy _cRosabeth Moss Kanter |
||
| 260 |
_aNew York _bSimon & Schusher _c1995 |
||
| 300 | _a2972 p. | ||
| 650 | _aEconomics | ||
| 650 | _aEconomy | ||
| 700 | _aRosabeth Moss Kanter | ||
| 999 |
_c2059 _d2059 |
||